[Event "Prva liga Centralne Srbije"]
[Site "Kragujevac"]
[Date "2006.09.30"]
[Round "4.1"]
[White "Pavlovic, Goran"]
[Black "Sredojevic, Ivan"]
[Result "1-0"]
[WhiteElo "2363"]
[BlackElo "2349"]
[PlyCount "119"]
[EventDate "2006.09.30"]

1. d4 Nf6 2. c4 e6 3. Nf3 b6 4. g3 Ba6 5. Nbd2 Bb4 6. Qc2 Bb7 7. Bg2 Be4 8. Qb3
Nc6 9. O-O Bxd2 10. Bxd2 O-O 11. Bc3 a5 12. Qd1 d6 13. Bh3 Qe7 14. Nd2 Bg6 15.
Qa4 Qe8 16. Rfc1 e5 17. d5 Nb4 18. Qd1 Na6 19. b3 Nc5 20. f3 Nh5 21. Nf1 f5 22.
e3 Nf6 23. Qd2 e4 24. f4 Nd3 25. Rd1 Nd7 26. Qc2 Bh5 27. Rxd3 exd3 28. Qxd3 Nc5
29. Qd4 Qe7 30. Nd2 Be2 31. Re1 Bd3 32. a3 Be4 33. b4 axb4 34. axb4 Nd3 35. Re2
Ra2 36. Nxe4 Rxe2 37. Qxd3 Qxe4 38. Qxe2 Ra8 39. Bf1 Ra3 40. Qd2 Rb3 41. b5 Rb1
42. Qd4 Rxf1+ 43. Kxf1 Qh1+ 44. Ke2 Qxh2+ 45. Kd1 Qxg3 46. Qd2 h5 47. Qe2 h4
48. Be1 Qg1 49. Qf3 Qh2 50. Qf2 Qh1 51. Qxh4 Qe4 52. Qd8+ Kh7 53. Qxc7 Qxe3 54.
Bd2 Qd3 55. Qxb6 Qf1+ 56. Kc2 Qxc4+ 57. Kb2 Qxd5 58. Bc3 Qe4 59. Qd4 Qe2+ 60.
Ka3 1-0

[Event "Prva liga Centralne Srbije"]
[Site "Kragujevac"]
[Date "2006.09.30"]
[Round "4.1"]
[White "Rabrenovic, Vladan"]
[Black "Aleksic, Nenad"]
[Result "1/2-1/2"]
[WhiteElo "2320"]
[BlackElo "2392"]
[PlyCount "25"]
[EventDate "2006.09.30"]

1. d4 Nf6 2. c4 e6 3. Nf3 b6 4. Nc3 Bb4 5. Qb3 a5 6. a3 a4 7. Qc2 Bxc3+ 8. Qxc3
Bb7 9. g3 O-O 10. Bg2 d6 11. O-O Nbd7 12. Be3 Ra5 13. Rad1 1/2-1/2

[Event "Prva liga Centralne Srbije"]
[Site "Kragujevac"]
[Date "2006.09.30"]
[Round "4.1"]
[White "Novoselski, Zoran"]
[Black "Colovic, Dusan"]
[Result "1-0"]
[WhiteElo "2351"]
[BlackElo "2357"]
[PlyCount "89"]
[EventDate "2006.09.30"]

1. e4 d6 2. d4 Nf6 3. Nc3 e5 4. Nf3 Nbd7 5. Bc4 Be7 6. Qe2 O-O 7. Bb3 c6 8. Bg5
Qc7 9. O-O b6 10. Rfe1 a6 11. Nd1 b5 12. Ne3 Re8 13. Nf5 Bf8 14. dxe5 dxe5 15.
N3h4 h6 16. Bxf6 Nxf6 17. Qf3 Nh7 18. Ng6 Be6 19. Nxf8 Nxf8 20. Qg3 Ng6 21. h4
Bxf5 22. exf5 Nf4 23. Qf3 Rad8 24. f6 g6 25. Rad1 Rd6 26. g3 Nh5 27. Rxd6 Qxd6
28. Rd1 Qxf6 29. Qxf6 Nxf6 30. Rd6 Kg7 31. Rxc6 Re7 32. Rxa6 e4 33. Rb6 Rd7 34.
Kf1 Ng4 35. Ke2 f5 36. Rxb5 Nh2 37. Bd5 Kf6 38. c4 Rd6 39. f4 Nf3 40. Ke3 g5
41. hxg5+ hxg5 42. fxg5+ Nxg5 43. a4 Nh3 44. a5 Rd8 45. a6 1-0

[Event "Prva liga Centralne Srbije"]
[Site "Kragujevac"]
[Date "2006.09.30"]
[Round "4.1"]
[White "Irizanin, Radoje"]
[Black "Lazic, Dragoljub"]
[Result "0-1"]
[WhiteElo "2301"]
[BlackElo "2325"]
[PlyCount "148"]
[EventDate "2006.09.30"]

1. d4 Nf6 2. Nf3 g6 3. Nbd2 c5 4. dxc5 Qa5 5. a3 Qxc5 6. e3 Bg7 7. b4 Qc7 8.
Bb2 O-O 9. c4 b6 10. Be2 Bb7 11. O-O d6 12. Qb3 Nbd7 13. Rac1 Rac8 14. Rfd1 Qb8
15. Nb1 Qa8 16. Nc3 a6 17. Rc2 Rc7 18. Rcd2 Rfc8 19. Nd5 Bxd5 20. cxd5 Ne4 21.
Nd4 Nxd2 22. Rxd2 Bxd4 23. Rxd4 b5 24. Rh4 Rc2 25. Bd1 Rxb2 26. Qxb2 Qxd5 27.
Rd4 Qc6 28. h4 Qc3 29. Qe2 Ne5 30. h5 Qxa3 31. Kh2 Qc3 32. Qa2 Qc6 33. Bb3 Nc4
34. Qe2 d5 35. e4 dxe4 36. Rxe4 e6 37. g3 Qd5 38. hxg6 hxg6 39. Rh4 Kg7 40. Qa2
Rc6 41. Qa1+ e5 42. Kg1 Rd6 43. Qc3 Qd2 44. Qf3 Rf6 45. Rh7+ Kxh7 46. Qxf6 Qd5
47. Qxa6 Kg7 48. Qc8 Qd3 49. Bxc4 bxc4 50. Qc7 Qd5 51. Kh2 Kf6 52. Qc8 Qb5 53.
Qd8+ Kg7 54. Qd2 Qc6 55. Qc3 f6 56. f4 exf4 57. gxf4 Kf7 58. Kg3 Qd5 59. Kf2 g5
60. fxg5 fxg5 61. Qe3 Kf6 62. Qc3+ Ke6 63. Qe3+ Qe5 64. Qb6+ Kf5 65. b5 c3 66.
Qc6 Qd4+ 67. Kg3 Qd3+ 68. Kf2 c2 69. Qc5+ Kf4 70. Qc7+ Ke4 71. Qc6+ Kd4 72.
Qf6+ Kc4 73. Qxg5 Qd4+ 74. Kg2 Qd5+ 0-1

[Event "Prva liga Centralne Srbije"]
[Site "Kragujevac"]
[Date "2006.09.30"]
[Round "4.1"]
[White "Jovanovic, D  Dusan"]
[Black "Mirkovic, Stevan"]
[Result "1-0"]
[WhiteElo "2240"]
[BlackElo "2214"]
[PlyCount "105"]
[EventDate "2006.09.30"]

1. Nf3 Nf6 2. c4 c6 3. g3 d5 4. b3 Bg4 5. Bb2 Nbd7 6. Bg2 e6 7. O-O Bd6 8. d3
O-O 9. Nbd2 Qe7 10. a3 e5 11. e4 dxe4 12. dxe4 a5 13. Qc2 Rfd8 14. Rfe1 Ne8 15.
Nh4 g6 16. Nf1 Nc7 17. Ne3 Be6 18. Nhf5 Qf8 19. Nxd6 Qxd6 20. Rad1 Qf8 21. f4
f6 22. Qc3 Qe7 23. Kh1 Bf7 24. Ng4 h5 25. Nh6+ Kh7 26. Nxf7 Qxf7 27. Qf3 Qe7
28. f5 g5 29. Qxh5+ Kg8 30. h4 gxh4 31. gxh4 Qh7 32. Qxh7+ Kxh7 33. Bc3 b6 34.
Rd6 Ne8 35. Rxc6 Nc5 36. Re3 Ra7 37. Bf3 Rg7 38. Bh5 Nd3 39. Bg6+ Kh6 40. Re2
Nf4 41. Bd2 Rgd7 42. Bxf4+ exf4 43. Rf2 Rd3 44. Bxe8 Rxe8 45. Rxf6+ Kh5 46.
Rxf4 a4 47. bxa4 b5 48. axb5 Rxa3 49. Rg6 Rd8 50. Rg5+ Kh6 51. f6 Rd1+ 52. Kg2
Ra7 53. Rgf5 1-0

[Event "Prva liga Centralne Srbije"]
[Site "Kragujevac"]
[Date "2006.09.30"]
[Round "4.1"]
[White "Radivojevic, Miladin"]
[Black "Milosevic, Slavisa"]
[Result "0-1"]
[WhiteElo "2180"]
[BlackElo "2294"]
[PlyCount "58"]
[EventDate "2006.09.30"]

1. e4 c5 2. Nf3 e6 3. d4 cxd4 4. Nxd4 a6 5. Nc3 d6 6. Be3 Nf6 7. g4 h6 8. h3 b5
9. Bg2 Bb7 10. g5 hxg5 11. Bxg5 Qc7 12. Qd2 b4 13. Nd5 exd5 14. exd5 Nbd7 15.
O-O-O O-O-O 16. Nc6 Bxc6 17. dxc6 Nc5 18. Qxb4 d5 19. Kb1 Qxc6 20. c4 Nce4 21.
Qa5 Rd7 22. Rc1 Kb8 23. Bxf6 Qxf6 24. Rhg1 Rh4 25. cxd5 Rb7 26. Rc2 Bb4 27. Qa4
Nc3+ 28. Rxc3 Bxc3 29. Qe8+ Ka7 0-1

[Event "Prva liga Centralne Srbije"]
[Site "Smederevo"]
[Date "2006.09.30"]
[Round "4.4"]
[White "Ristic, Nebojsa"]
[Black "Pap, Misa"]
[Result "0-1"]
[WhiteElo "2367"]
[BlackElo "2409"]
[PlyCount "112"]
[EventDate "2006.09.30"]

1. d4 Nf6 2. c4 c5 3. d5 b5 4. cxb5 a6 5. b6 Qxb6 6. Nc3 d6 7. Nf3 g6 8. Nd2
Bg7 9. e4 Nbd7 10. Nc4 Qc7 11. Be2 Nb6 12. Ne3 O-O 13. O-O a5 14. a4 c4 15. Nc2
Nfd7 16. Be3 Ba6 17. Bd4 Bh6 18. Nb5 Bxb5 19. axb5 Nc5 20. Bf3 Nb3 21. Ra2 Nxd4
22. Nxd4 Qc5 23. Nc6 Rfe8 24. b3 Qxb5 25. bxc4 Qc5 26. Be2 Nd7 27. Qa4 Ne5 28.
Qb5 Nxc6 29. Qxc5 dxc5 30. dxc6 Bg7 31. Bd1 Reb8 32. Ba4 Rb4 33. Bb5 Bd4 34.
Rd1 a4 35. c7 Rc8 36. Rxa4 Rxa4 37. Bxa4 Rxc7 38. Rd2 Rb7 39. Bb5 Ra7 40. g3 g5
41. h3 Kg7 42. Kg2 h5 43. Re2 Kf6 44. f4 gxf4 45. gxf4 Ra3 46. Be8 h4 47. e5+
Ke6 48. Bc6 Rg3+ 49. Kh2 Bg1+ 50. Kh1 Be3 51. Bd5+ Kf5 52. Bxf7 Rxh3+ 53. Rh2
Rxh2+ 54. Kxh2 Bxf4+ 55. Kh3 Bg3 56. Kg2 Bxe5 0-1

[Event "Prva liga Centralne Srbije"]
[Site "Smederevo"]
[Date "2006.09.30"]
[Round "4.4"]
[White "Jovanovic, Drasko"]
[Black "Djokic, Nenad"]
[Result "0-1"]
[WhiteElo "2261"]
[BlackElo "2325"]
[PlyCount "36"]
[EventDate "2006.09.30"]

1. Nf3 c5 2. b3 Nc6 3. Bb2 d6 4. e3 e5 5. d4 cxd4 6. exd4 e4 7. d5 exf3 8. dxc6
Qe7+ 9. Kd2 fxg2 10. Bxg2 Qg5+ 11. Kd3 Qxg2 12. Re1+ Ne7 13. cxb7 Bxb7 14. Re3
Ba6+ 15. c4 d5 16. Bd4 dxc4+ 17. bxc4 O-O-O 18. Kc3 Qc6 0-1

[Event "Prva liga Centralne Srbije"]
[Site "Smederevo"]
[Date "2006.09.30"]
[Round "4.4"]
[White "Stankovic, Dragan"]
[Black "Jovanovic, Bojan"]
[Result "1-0"]
[WhiteElo "2334"]
[BlackElo "2296"]
[PlyCount "119"]
[EventDate "2006.09.30"]

1. g3 Nf6 2. Bg2 d5 3. d3 e5 4. Nd2 Be7 5. e4 c6 6. Ngf3 Nbd7 7. O-O O-O 8. Qe2
dxe4 9. dxe4 Qc7 10. Nh4 Re8 11. Nf5 Bf8 12. Nc4 b6 13. Rd1 Ba6 14. b3 Rad8 15.
a4 h6 16. a5 Bb5 17. axb6 axb6 18. Be3 Nc5 19. f3 Kh7 20. Bf1 g6 21. Nh4 Rxd1
22. Rxd1 Ne6 23. Qf2 c5 24. c3 Ng5 25. Qd2 Be7 26. Qa2 Rd8 27. Rxd8 Bxd8 28.
Qd2 Be7 29. Qa2 Bd8 30. Qd2 Be7 31. Qd1 Bc6 32. Bf2 Nfxe4 33. fxe4 Nxe4 34. Nf3
f6 35. Bg2 b5 36. Ne3 Nxc3 37. Qc2 b4 38. Ne1 e4 39. Bf1 f5 40. N1g2 Bf6 41.
Nc4 Bd4 42. Nf4 Qe7 43. Ng2 Qf6 44. Qd2 g5 45. Nce3 Nd5 46. Nc2 Bxf2+ 47. Qxf2
f4 48. Qxc5 e3 49. Bd3+ Kg7 50. gxf4 gxf4 51. Qd4 Qxd4 52. Nxd4 Bb7 53. Be4 Kf6
54. Nxf4 Ke5 55. Bxd5 Bxd5 56. Nxd5 Kxd4 57. Nxb4 e2 58. Nc2+ Kc3 59. Ne1 Kxb3
60. Kf2 1-0

[Event "Prva liga Centralne Srbije"]
[Site "Smederevo"]
[Date "2006.09.30"]
[Round "4.4"]
[White "Stankovic, Bozidar"]
[Black "Djoric, Dusan"]
[Result "0-1"]
[WhiteElo "2207"]
[BlackElo "2309"]
[PlyCount "84"]
[EventDate "2006.09.30"]

1. d4 d5 2. c4 Nc6 3. Nf3 Bg4 4. Nc3 e6 5. e3 Nf6 6. Be2 dxc4 7. O-O Bd6 8. Nd2
Bxe2 9. Qxe2 Na5 10. Nde4 Nxe4 11. Nxe4 Bxh2+ 12. Kxh2 Qh4+ 13. Kg1 Qxe4 14. b4
Nc6 15. Qxc4 Qd5 16. Qc3 a5 17. Ba3 axb4 18. Bxb4 h5 19. Bc5 h4 20. f3 h3 21.
e4 Qg5 22. Rf2 Qg3 23. Qe3 b6 24. d5 Ne5 25. f4 Qxe3 26. Bxe3 Ng4 27. Rf3 hxg2
28. Kxg2 exd5 29. exd5 Kd7 30. Bd4 f5 31. Bg1 Ra4 32. a3 Rha8 33. Kg3 Nf6 34.
Kh4 R8a5 35. Kg5 Rxd5 36. Kg6 c5 37. Rb1 Kc6 38. Kxg7 Nh5+ 39. Kf7 Rd6 40. Re1
Rf6+ 41. Kg8 Ra8+ 42. Kh7 Ra7+ 0-1

[Event "Prva liga Centralne Srbije"]
[Site "Bozevac"]
[Date "2006.09.30"]
[Round "4.5"]
[White "Trifunovic, Miroljub"]
[Black "Nikolic, Stanimir"]
[Result "1-0"]
[WhiteElo "2247"]
[BlackElo "2291"]
[PlyCount "151"]
[EventDate "2006.09.30"]

1. d4 d5 2. Nf3 c6 3. c4 Nf6 4. Qc2 Nbd7 5. cxd5 cxd5 6. Bf4 e6 7. Bc7 Bb4+ 8.
Nbd2 Qe7 9. a3 Bd6 10. e3 O-O 11. Rc1 Ne8 12. Bxd6 Nxd6 13. Bd3 Nf6 14. Ne5 Bd7
15. O-O Rfc8 16. Qb3 Be8 17. h3 Rc7 18. Rc5 b6 19. Rc2 Rxc2 20. Qxc2 Rc8 21.
Qb1 Qc7 22. Ba6 Ra8 23. Rc1 Qd8 24. Bd3 h6 25. Nc6 Qd7 26. Ba6 Nfe4 27. Nf3 f6
28. b3 Bh5 29. Ne1 Be8 30. Nd3 Nf7 31. f3 Ned6 32. a4 Nf5 33. Nf4 Qd6 34. Bb7
g5 35. Nh5 Rc8 36. Bxc8 Bxc6 37. Qc2 Ne7 38. Nxf6+ Kg7 39. Nh5+ Kg8 40. Ba6 e5
41. Qd3 Bd7 42. g4 Ng6 43. Bb5 Nh4 44. Qf1 Be6 45. Rc6 Qe7 46. Kf2 Nd8 47. Rc3
Bf7 48. Ng3 Bg6 49. Qd1 e4 50. f4 gxf4 51. exf4 Qf7 52. Qc1 Qf6 53. Ne2 Nf3 54.
Rxf3 exf3 55. Kxf3 Be4+ 56. Kg3 Ne6 57. Qc8+ Kf7 58. Qd7+ Kg8 59. Qd6 Qf7 60.
Bc6 Nf8 61. Bb5 h5 62. Nc3 h4+ 63. Kxh4 Ng6+ 64. Kg3 Ne7 65. Bd7 Qg7 66. Be6+
Kh7 67. Nxe4 dxe4 68. Qe5 Qf8 69. Qxe4+ Kh6 70. Qe5 Ng6 71. Qg5+ Kg7 72. Bf5
Qb4 73. Qxg6+ Kf8 74. Qf6+ Kg8 75. Be6+ Kh7 76. Qf7+ 1-0

[Event "Prva liga Centralne Srbije"]
[Site "Bozevac"]
[Date "2006.09.30"]
[Round "4.5"]
[White "Cvetkovic, Nemanja"]
[Black "Dmitrovic, Tomislav"]
[Result "1/2-1/2"]
[WhiteElo "2179"]
[BlackElo "2274"]
[PlyCount "95"]
[EventDate "2006.09.30"]

1. d4 Nf6 2. c4 g6 3. Nf3 Bg7 4. g3 O-O 5. Bg2 c6 6. O-O d5 7. Qb3 dxc4 8. Qxc4
Nbd7 9. Nc3 Nb6 10. Qd3 Be6 11. Bg5 h6 12. Bf4 Nfd5 13. Be5 f6 14. Bf4 g5 15.
Bd2 Nb4 16. Qb1 Nc4 17. Rd1 Nxd2 18. Rxd2 f5 19. a3 Nd5 20. Qc2 Qd6 21. Na4
Rad8 22. Nc5 Bc8 23. e4 fxe4 24. Nxe4 Qg6 25. Ne5 Bxe5 26. dxe5 Bf5 27. g4 Bxe4
28. Bxe4 Qe6 29. Bxd5 cxd5 30. Rd4 Qxe5 31. Rad1 Rf6 32. Qc5 b6 33. Qb4 e6 34.
Re1 Qd6 35. Qxd6 Rxd6 36. h4 Kg7 37. Re5 Rf4 38. Rxf4 gxf4 39. g5 hxg5 40. hxg5
Kg6 41. Kf1 f3 42. Ke1 d4 43. Kd2 Rc6 44. Kd3 Rc5 45. Rxe6+ Kxg5 46. Re4 Rc1
47. Rxd4 Rb1 48. Rb4 1/2-1/2

[Event "Prva liga Centralne Srbije"]
[Site "Bozevac"]
[Date "2006.09.30"]
[Round "4.5"]
[White "Milunovic, Toni"]
[Black "Ravic, Nenad"]
[Result "1-0"]
[WhiteElo "2292"]
[BlackElo "2151"]
[PlyCount "115"]
[EventDate "2006.09.30"]

1. d4 d5 2. Nc3 Nf6 3. Bg5 Nbd7 4. f3 c6 5. e4 dxe4 6. fxe4 Qa5 7. Bd2 Qb6 8.
e5 Nd5 9. Nf3 Qxb2 10. Na4 Qa3 11. c4 Ne3 12. Bxe3 Qxe3+ 13. Be2 c5 14. e6 Qxe6
15. O-O Qe3+ 16. Kh1 cxd4 17. Nxd4 e6 18. Rb1 Be7 19. Bf3 Rb8 20. Rb5 O-O 21.
Nc2 Qf4 22. Qe2 Qc7 23. Nc3 Nf6 24. Rfb1 b6 25. R5b3 Ba6 26. Nb5 Bxb5 27. cxb5
Rfd8 28. Bc6 Bc5 29. Rf1 Qd6 30. Rg3 Qd2 31. Qf3 Be7 32. Ne3 Qb2 33. a4 Rf8 34.
Ng4 Nxg4 35. Rxg4 Rbd8 36. Rf4 f5 37. Rc4 Rd6 38. Bb7 Rfd8 39. Rc8 Qe5 40.
Rxd8+ Rxd8 41. Qc6 Qe2 42. Qc1 Kf7 43. Bf3 Qe5 44. Re1 Qc5 45. Qb1 Bg5 46. Qb2
Rd6 47. Bc6 Ke7 48. Qe2 Qd4 49. Qh5 Kf6 50. Be8 Ke7 51. Qf7+ Kd8 52. Bc6 Qd1
53. Qg8+ Kc7 54. Qxg7+ Kc8 55. Qb7+ Kd8 56. Qb8+ Ke7 57. Qe8+ Kf6 58. Qf8+ 1-0

[Event "Prva liga Centralne Srbije"]
[Site "Bozevac"]
[Date "2006.09.30"]
[Round "4.5"]
[White "Rajkovic, Aleksandar"]
[Black "Jakovljevic, Zivota"]
[Result "1/2-1/2"]
[WhiteElo "2148"]
[BlackElo "2127"]
[PlyCount "164"]
[EventDate "2006.09.30"]

1. e4 e6 2. d4 d5 3. exd5 exd5 4. Bd3 Nf6 5. Ne2 Bd6 6. Bf4 Bg4 7. f3 Bh5 8.
Qd2 O-O 9. Nbc3 Bg6 10. Bxg6 fxg6 11. Be5 c6 12. Bxd6 Qxd6 13. O-O Nbd7 14.
Rae1 Rae8 15. Nc1 c5 16. dxc5 Qxc5+ 17. Qf2 Qc6 18. Qd4 Nc5 19. Nb3 b6 20. Qf2
Nxb3 21. axb3 Ne4 22. Qd4 Nf6 23. Rxe8 Rxe8 24. Rd1 Rc8 25. Re1 Kf7 26. Re2 Rc7
27. g3 g5 28. Kg2 h6 29. Rd2 Qe6 30. Re2 Rxc3 31. Rxe6 Rxc2+ 32. Kg1 Kxe6 33.
h4 gxh4 34. gxh4 Re2 35. Kf1 Rc2 36. Ke1 Rc7 37. Kd2 Rd7 38. Qe3+ Kf5 39. Qd4
Ke6 40. Kd3 Kf5 41. Ke3 Re7+ 42. Kd2 Rd7 43. Kd3 Ne4 44. Ke3 Nf6 45. Kd3 Re7
46. Qb4 Rd7 47. Qd4 g5 48. hxg5 hxg5 49. Ke3 Re7+ 50. Kd2 Rg7 51. Qd3+ Ke6 52.
Qe3+ Kf7 53. Qe5 Kg6 54. Kd3 Rh7 55. Qb8 Rh3 56. Ke2 g4 57. fxg4 Rxb3 58. Qe5
Rb4 59. Qf5+ Kg7 60. g5 Re4+ 61. Kd3 Ng8 62. Qxd5 Re1 63. Qd7+ Re7 64. Qf5 Rf7
65. Qe5+ Kg6 66. Qe6+ Kg7 67. Kc4 Rc7+ 68. Kd4 Re7 69. Qf5 Re1 70. b4 Re7 71.
Kc4 Rf7 72. Qe5+ Kg6 73. Qe6+ Kg7 74. Qe5+ Kg6 75. Qe4+ Kg7 76. Kd5 Ne7+ 77.
Ke6 Ng8 78. Qd4+ Kg6 79. Qe4+ Kg7 80. Kd6 Ne7 81. Qh1 Nf5+ 82. Ke5 Kg6 1/2-1/2

[Event "Prva liga Centralne Srbije"]
[Site "Petrovac"]
[Date "2006.09.30"]
[Round "4.6"]
[White "Maksimovic, Branimir"]
[Black "Organdziev, Oliver"]
[Result "1-0"]
[WhiteElo "2385"]
[BlackElo "2296"]
[PlyCount "91"]
[EventDate "2006.09.30"]

1. d4 d5 2. c4 Bf5 3. cxd5 Bxb1 4. Qa4+ Qd7 5. Qxd7+ Nxd7 6. Rxb1 Ngf6 7. Nf3
Nb6 8. e3 Nbxd5 9. a3 a5 10. Bd3 e6 11. O-O Be7 12. e4 Nb6 13. Be3 Nfd7 14.
Rbc1 c6 15. Nd2 O-O 16. Nc4 Nxc4 17. Bxc4 Nf6 18. f3 Rac8 19. Rfd1 Bd8 20. Rd3
Bb6 21. Rb3 Nd7 22. Kf2 Rc7 23. Ke2 e5 24. dxe5 Bxe3 25. Rxe3 Nxe5 26. Ba2 Re8
27. Rd1 Kf8 28. h3 Rd7 29. Rxd7 Nxd7 30. f4 Nc5 31. e5 a4 32. Bb1 h6 33. g3 Rd8
34. Bc2 Ke7 35. Rc3 Rd5 36. Ke3 f6 37. exf6+ gxf6 38. Rc4 b5 39. Rd4 Rh5 40. h4
Ne6 41. f5 Nxd4 42. Kxd4 Kd6 43. Ke4 Kc5 44. Bd1 Kc4 45. Bxh5 Kb3 46. Be8 1-0

[Event "Prva liga Centralne Srbije"]
[Site "Petrovac"]
[Date "2006.09.30"]
[Round "4.6"]
[White "Panic, Nenad"]
[Black "Miljkovic, Miroslav"]
[Result "1/2-1/2"]
[WhiteElo "2342"]
[BlackElo "2399"]
[PlyCount "173"]
[EventDate "2006.09.30"]

1. f4 d5 2. e3 g6 3. Nf3 Bg7 4. d4 Nh6 5. Bd3 Bf5 6. O-O O-O 7. Nc3 c6 8. Ne2
Nd7 9. Bxf5 Nxf5 10. g4 Nd6 11. Ng3 Nf6 12. Nd2 Nfe4 13. Ndxe4 Nxe4 14. Nxe4
dxe4 15. Qe2 f5 16. g5 e6 17. b3 c5 18. c3 cxd4 19. cxd4 Rc8 20. Ba3 Re8 21.
Rac1 Qa5 22. Qb2 h6 23. h4 hxg5 24. hxg5 Qb5 25. Kf2 Kf7 26. Rxc8 Rxc8 27. Rc1
Rc6 28. Rc3 Qa6 29. Rc4 Rxc4 30. bxc4 Qxc4 31. Qxb7+ Kg8 32. Qb3 Qa6 33. Bc5
Kh7 34. a4 Qa5 35. Ke2 Qa6+ 36. Qb5 Qc8 37. Kd2 a6 38. Qb6 Qd7 39. Qa7 Qc8 40.
Kc3 Kg8 41. Kb4 Qc6 42. Qb8+ Kh7 43. Ka5 e5 44. fxe5 f4 45. exf4 e3 46. Qb1 e2
47. Qe1 Qe4 48. Kxa6 Qd3+ 49. Ka5 Qd1 50. Bb4 Bf8 51. Bd2 Be7 52. Kb5 Qb3+ 53.
Kc6 Qxa4+ 54. Kd5 Qa8+ 55. Ke6 Ba3 56. Qh4+ Kg8 57. Kd7 Qb7+ 58. Kd8 Qd5+ 59.
Kc7 Qxd4 60. Qg4 Qc4+ 61. Kd8 Qd5+ 62. Qd7 Qa8+ 63. Kc7 Qa7+ 64. Kc8 Qa6+ 65.
Kc7 Qa7+ 66. Kc8 Qa6+ 67. Kc7 Qa7+ 68. Kc8 Qc5+ 69. Kb7 Qc4 70. e6 Qe4+ 71. Kb8
e1=Q 72. Qf7+ Kh8 73. Bxe1 Qxe1 74. Qf6+ Kh7 75. Qf7+ Kh8 76. Qe8+ Kg7 77. Qd7+
Kg8 78. Qe8+ Kg7 79. Qf7+ Kh8 80. Qf6+ Kh7 81. Qf7+ Kh8 82. Qe8+ Kg7 83. Qd7+
Kg8 84. Qf7+ Kh8 85. Qe8+ Kg7 86. Qd7+ Kg8 87. Qf7+ 1/2-1/2

[Event "Prva liga Centralne Srbije"]
[Site "Petrovac"]
[Date "2006.09.30"]
[Round "4.6"]
[White "Perunovic, Miodrag"]
[Black "Jovic, Stanoje"]
[Result "1-0"]
[WhiteElo "2376"]
[BlackElo "2330"]
[PlyCount "83"]
[EventDate "2006.09.30"]

1. e4 c6 2. d4 d5 3. e5 Bf5 4. h4 h5 5. c4 e6 6. Nc3 Nd7 7. Nge2 dxc4 8. Ng3
Nb6 9. Bg5 Qd7 10. Nxh5 c5 11. dxc5 Nd5 12. Ng3 Nxc3 13. Qxd7+ Kxd7 14. bxc3
Bh7 15. Be3 Kc6 16. Bxc4 Bxc5 17. Ke2 Ne7 18. Rad1 Rad8 19. Bb3 Nd5 20. Bxd5+
Rxd5 21. Rxd5 exd5 22. Bxc5 Kxc5 23. Kd2 Re8 24. f4 Re6 25. h5 Ra6 26. Ra1 Rb6
27. Ne2 Rb2+ 28. Ke3 Bf5 29. Nd4 Bg4 30. f5 Rxg2 31. Rh1 Kc4 32. f6 Bxh5 33.
Rxh5 gxf6 34. exf6 a5 35. Rh7 Kxc3 36. Rxf7 Rg3+ 37. Nf3 d4+ 38. Kf4 Rg6 39.
Kf5 Rg3 40. Rc7+ Kb2 41. Nxd4 Kxa2 42. f7 1-0

[Event "Prva liga Centralne Srbije"]
[Site "Petrovac"]
[Date "2006.09.30"]
[Round "4.6"]
[White "Maksimovic, Suzana"]
[Black "Zivkovic, Momcilo"]
[Result "1-0"]
[WhiteElo "2266"]
[BlackElo "2160"]
[PlyCount "95"]
[EventDate "2006.09.30"]

1. d4 d5 2. Nf3 Nf6 3. c4 c6 4. e3 Bf5 5. Nc3 e6 6. Nh4 Bg6 7. Qb3 Qb6 8. Nxg6
hxg6 9. Bd2 Nbd7 10. Qc2 Qc7 11. h3 g5 12. cxd5 exd5 13. Be2 g4 14. O-O-O gxh3
15. gxh3 O-O-O 16. Kb1 Rh4 17. Rc1 Kb8 18. Be1 Qb6 19. a3 Rh6 20. Qa4 Bd6 21.
Nxd5 Nxd5 22. Ba5 Rdh8 23. Bxb6 N7xb6 24. Qc2 g6 25. Bf1 Rh4 26. Rg1 R4h5 27.
Bg2 Ne7 28. Qd2 Rb5 29. Bf1 Rf5 30. Rg4 Rfh5 31. Ka2 f5 32. Rg1 Rh4 33. Bg2
R8h5 34. Rc2 Rg5 35. f4 Rgh5 36. Qa5 Rh8 37. Rc3 R4h6 38. Rb3 Re8 39. Rc1 Rhh8
40. Qd2 Rhf8 41. a4 Rc8 42. a5 Nbd5 43. a6 b6 44. Rc4 Rf6 45. Qc1 Re6 46. Bxd5
Nxd5 47. Rxc6 Rc7 48. Qc4 1-0